书目信息 |
| 题名: |
新工具
|
|
| 作者: | 培根 著 ;许宝骙 译 | |
| 分册: | ||
| 出版信息: | 北京 商务印书馆 1984.10 |
|
| 页数: | 291页 | |
| 开本: | 21cm | |
| 丛书名: | 汉译世界学术名著丛书 | |
| 单 册: | ||
| 中图分类: | B561.21 | |
| 科图分类: | ||
| 主题词: | 培根,F·(1561-1626)--哲学 , 培根,F·(1561-1626) | |
| 电子资源: | ||
| ISBN: | 7-100-02383-1 | |
| 000 | 00666nam2 2200229 45 | |
| 001 | 0411251173 | |
| 005 | 20060912111156.50 | |
| 010 | @a7-100-02383-1@dCNY11.50 | |
| 100 | @a20041125d1984 km y0chiy0120 ea | |
| 101 | 0 | @achi |
| 200 | 1 | @a新工具@AXin Gong Ju@f(英)培根著@F(Ying)Pei Gen Zhu@g许宝骙译 |
| 210 | @a北京@c商务印书馆@d1984.10 | |
| 215 | @a291页@d21cm | |
| 225 | @a汉译世界学术名著丛书 | |
| 410 | @12001 @a汉译世界学术名著丛书 | |
| 606 | 0 | @a培根,F·(1561-1626)@x哲学 |
| 606 | 0 | @a培根,F·(1561-1626) |
| 690 | @aB561.21@v3 | |
| 701 | 0 | @a培根@4著 |
| 702 | 0 | @a许宝骙@AXu Bao Kui@4译 |
| 801 | @aCN@bPftUser@c20060912 | |
| 905 | @f1@b276897@dB561.21@e21 | |
| 新工具/(英)培根著/许宝骙译.-北京:商务印书馆,1984.10 |
| 291页;21cm.-(汉译世界学术名著丛书) |
| ISBN 7-100-02383-1:CNY11.50 |
| ● |
| 相关链接 |
|
|
|
|
正题名:新工具
索取号:B561.21/21
 
预约/预借
| 序号 | 登录号 | 条形码 | 馆藏地/架位号 | 状态 | 备注 |
| 1 | 0276897 | 001498800 | 第一借阅区/ [索取号:B561.21/21] | 在馆 | |
| 2 | 0276898 | 001498711 | 第一借阅区/ [索取号:B561.21/21] | 在馆 | |
| 3 | 0276899 | 001495992 | 第一样本阅览室/ [索取号:B561.21/21] | 在馆 | |
| 4 | 0473969 | 204739694 | 密集书库/ [索取号:B561.21/21] | 在馆 |